Bài giảng kiểm soát ô nhiễm môi trường không khí
সংরক্ষণ করুন:
| সংস্থা লেখক: | |
|---|---|
| বিন্যাস: | গ্রন্থ |
| প্রকাশিত: |
Hà Nội
2008
|
| বিষয়গুলি: | |
| ট্যাগগুলো: |
ট্যাগ যুক্ত করুন
কোনো ট্যাগ নেই, প্রথমজন হিসাবে ট্যাগ করুন!
|
| Thư viện lưu trữ: | Trung tâm Học liệu Lê Vũ Hùng, Trường Đại học Đồng Tháp |
|---|
| LEADER | 00759pam a22002298a 4500 | ||
|---|---|---|---|
| 001 | 00046454 | ||
| 005 | 20210301150308.0 | ||
| 008 | 110427s2007 ||||||Viesd | ||
| 020 | # | # | |c 17000 |
| 041 | 0 | # | |a Vie |
| 082 | 1 | 4 | |a 363.7 |b B103GI |
| 110 | # | # | |a Viện CNTT- ĐHQG Hà Nội |
| 245 | 0 | 0 | |a Bài giảng kiểm soát ô nhiễm môi trường không khí |
| 260 | # | # | |a Hà Nội |c 2008 |
| 300 | # | # | |a 91 tr. |c 27cm |
| 653 | # | # | |a Bài giảng |
| 653 | # | # | |a Không khí |
| 653 | # | # | |a Kiểm soát |
| 653 | # | # | |a Ô nhiễm môi trường |
| 852 | # | # | |j KGT.0059539 |j KD.0027845 |j KGT.0059541 |j KGT.0059538 |j KGT.0059540 |
| 910 | # | # | |d 01/03/2021 |
| 980 | # | # | |a Trung tâm Học liệu Lê Vũ Hùng, Trường Đại học Đồng Tháp |